Score 0/20 Timer 04:00
0 Plays Today
% Correct
Roseanne
96.3%
Doogie Howser, M.D.
95.4%
Full House
93.6%
The Wonder Years
93.2%
MacGyver
92.5%
Dynasty
89.8%
Who's the Boss?
88.7%
Moonlighting
88.6%
Mr. Belvedere
86.9%
Growing Pains
86.4%
% Correct
Webster
85.8%
Family Matters
85.8%
T. J. Hooker
85.6%
Perfect Strangers
84.5%
Coach
82.5%
Bosom Buddies
82.2%
Thirtysomething
77.9%
China Beach
75.1%
The Greatest
American Hero
69.6%
Hardcastle
and McCormick
67.4%

You're not logged in!

Compare scores with friends on all Sporcle quizzes.
OR
Log In

Sporcle TV

Today on Sporcle TV


Watch our educational content, quiz creation guides, and fun videos on Sporcle TV.

Show Comments

Extras

Top Quizzes Today


Score Distribution

Paid Content

Your Account Isn't Verified!

In order to create a playlist on Sporcle, you need to verify the email address you used during registration. Go to your Sporcle Settings to finish the process.

Report this User

Report this user for behavior that violates our Community Guidelines.

Details: